|
|
|
|
| LEADER |
00773nam a2200193 i 4500 |
| 003 |
GR-PaULI |
| 005 |
20221202091741.0 |
| 008 |
200703s2013 gr ||||| |||| 00| p gre d |
| 952 |
|
|
|0 0
|1 0
|2 ddc
|4 0
|6 889_140000000000000_ΚΟΥ
|7 0
|9 366110
|a LISP
|b LISP
|c DON
|d 2022-12-02
|e ΠΑΤ
|i 152076
|l 0
|o 889.14 ΚΟΥ
|p 025000281034
|r 2022-12-02 00:00:00
|t 1
|w 2022-12-02
|y BKN
|
| 999 |
|
|
|c 145843
|d 145843
|
| 020 |
|
|
|a 9789603369103
|
| 040 |
|
|
|a GR-PaULI
|b gre
|c GR-PaULI
|e AACR2
|
| 082 |
0 |
4 |
|2 23
|a 889.14
|
| 100 |
|
|
|9 78026
|a Κούρση, Μαρία,
|d 1958-
|e συγγραφέας.
|
| 245 |
1 |
3 |
|a Το βραχιόλι στο λαιμό /
|c Μαρία Κούρση.
|
| 260 |
|
|
|a Αθήνα :
|b Γαβριηλίδης,
|c 2013.
|
| 300 |
|
|
|a 49 σ. ;
|c 21 εκ.
|
| 942 |
|
|
|2 ddc
|c BK
|
| 998 |
|
|
|c ΜΠΟΥΡΑΣ
|d 2022-12
|